000 00541nam a2200181 a 4500
001 000006434
005 20200929153930.0
008 830624s1983 ag 000 0 spa
020 _a950070093X
040 _aDO-SdBNP
_bspa
_cBNPHU
082 _a982.064
_bT956a, 1983
100 1 _aTúrolo (h.) , Carlos M.
_917857
245 1 0 _aAsí lucharon /
_cCarlos M. Túrolo (h.).
250 _a4a ed.
260 _aBuenos Aires, Argentina :
_bSudamericana,
_c1983.
300 _a327 p. ;
_c20 cm.
650 4 _aGuerra de las islas malvinas
_y1982
_917858
999 _c6229
_d6229